|
|
|
|
| LEADER |
01307nam a2200373 a 4500 |
| 001 |
EBC3327252 |
| 003 |
MiAaPQ |
| 005 |
20200520144314.0 |
| 006 |
m o d | |
| 007 |
cr cn||||||||| |
| 008 |
970827s1998 inu sb 001 0 eng d |
| 010 |
|
|
|z 97037267
|
| 020 |
|
|
|z 0865971706 (hardcover : alk. paper)
|
| 020 |
|
|
|z 0865971714 (pbk. : alk. paper)
|
| 020 |
|
|
|z 9780865971714
|
| 020 |
|
|
|a 9781614878162 (electronic bk.)
|
| 035 |
|
|
|a (MiAaPQ)EBC3327252
|
| 035 |
|
|
|a (Au-PeEL)EBL3327252
|
| 035 |
|
|
|a (CaPaEBR)ebr10613367
|
| 035 |
|
|
|a (OCoLC)929118419
|
| 040 |
|
|
|a MiAaPQ
|c MiAaPQ
|d MiAaPQ
|
| 050 |
|
4 |
|a JC11
|b .D4 1998
|
| 082 |
0 |
4 |
|a 320.1/01
|2 21
|
| 100 |
1 |
|
|a De Jasay, Anthony,
|d 1925-
|
| 245 |
1 |
4 |
|a The state
|h [electronic resource] /
|c Anthony de Jasay.
|
| 260 |
|
|
|a Indianapolis, Ind. :
|b Liberty Fund,
|c c1998.
|
| 300 |
|
|
|a xii, 318 p.
|
| 504 |
|
|
|a Includes bibliographical references and index.
|
| 533 |
|
|
|a Electronic reproduction. Ann Arbor, MI : ProQuest, 2015. Available via World Wide Web. Access may be limited to ProQuest affiliated libraries.
|
| 650 |
|
0 |
|a State, The.
|
| 650 |
|
0 |
|a Welfare state.
|
| 655 |
|
4 |
|a Electronic books.
|
| 710 |
2 |
|
|a ProQuest (Firm)
|
| 856 |
4 |
0 |
|u https://ebookcentral.proquest.com/lib/matrademy/detail.action?docID=3327252
|z Click to View
|